<?xml version="1.0" encoding="UTF-8"?>
<record
    xmlns:xsi="http://www.w3.org/2001/XMLSchema-instance"
    xsi:schemaLocation="http://www.loc.gov/MARC21/slim http://www.loc.gov/standards/marcxml/schema/MARC21slim.xsd"
    xmlns="http://www.loc.gov/MARC21/slim">

  <leader>04197aam a22003971i 4500</leader>
  <controlfield tag="001">991014726769707026</controlfield>
  <controlfield tag="003">UkOxU</controlfield>
  <controlfield tag="005">20250908131044.0</controlfield>
  <controlfield tag="006">m    ||  d |      </controlfield>
  <controlfield tag="007">cr |||||||||||</controlfield>
  <controlfield tag="008">210710s2022    enka    o     001 0 eng d</controlfield>
  <datafield tag="015" ind1=" " ind2=" ">
    <subfield code="a">GBC1D9541</subfield>
    <subfield code="2">bnb</subfield>
  </datafield>
  <datafield tag="020" ind1=" " ind2=" ">
    <subfield code="a">9781292410623</subfield>
    <subfield code="q">(electronic book)</subfield>
  </datafield>
  <datafield tag="035" ind1=" " ind2=" ">
    <subfield code="a">022628484-44oxf_inst</subfield>
  </datafield>
  <datafield tag="035" ind1=" " ind2=" ">
    <subfield code="a">(UkOxU)022628484</subfield>
  </datafield>
  <datafield tag="035" ind1=" " ind2=" ">
    <subfield code="a">(Uk)020294536</subfield>
  </datafield>
  <datafield tag="037" ind1=" " ind2=" ">
    <subfield code="a">9781292410623</subfield>
    <subfield code="b">Pearson UK</subfield>
  </datafield>
  <datafield tag="040" ind1=" " ind2=" ">
    <subfield code="a">YDX</subfield>
    <subfield code="b">eng</subfield>
    <subfield code="e">rda</subfield>
    <subfield code="c">YDX</subfield>
    <subfield code="d">YDXIT</subfield>
    <subfield code="d">OCLCO</subfield>
    <subfield code="d">OCLCF</subfield>
    <subfield code="d">Uk</subfield>
  </datafield>
  <datafield tag="041" ind1=" " ind2=" ">
    <subfield code="a">English</subfield>
  </datafield>
  <datafield tag="050" ind1=" " ind2="4">
    <subfield code="a">HG6024.A3</subfield>
    <subfield code="b">H85 2022</subfield>
  </datafield>
  <datafield tag="100" ind1=" " ind2=" ">
    <subfield code="a">Hull, John</subfield>
    <subfield code="d">1946-</subfield>
    <subfield code="e">author.</subfield>
    <subfield code="9">1414</subfield>
  </datafield>
  <datafield tag="245" ind1="1" ind2="0">
    <subfield code="a">Options, futures, and other derivatives </subfield>
    <subfield code="c">/ John C. Hull.</subfield>
  </datafield>
  <datafield tag="250" ind1=" " ind2=" ">
    <subfield code="a">Eleventh edition.</subfield>
  </datafield>
  <datafield tag="250" ind1=" " ind2=" ">
    <subfield code="a">Global edition.</subfield>
  </datafield>
  <datafield tag="264" ind1=" " ind2="1">
    <subfield code="a">Harlow, Essex :</subfield>
    <subfield code="b">Pearson Education Limited,</subfield>
    <subfield code="c">[2022].</subfield>
  </datafield>
  <datafield tag="300" ind1=" " ind2=" ">
    <subfield code="a">1 online resource.</subfield>
  </datafield>
  <datafield tag="500" ind1=" " ind2=" ">
    <subfield code="a">Includes indexes.</subfield>
  </datafield>
  <datafield tag="500" ind1=" " ind2=" ">
    <subfield code="a">Academic</subfield>
  </datafield>
  <datafield tag="505" ind1="0" ind2=" ">
    <subfield code="a">Futures markets and central counterparties &#x2014; Hedging strategies using futures &#x2014; Interest rates &#x2014; Determination of forward and futures prices &#x2014; Interest rate futures &#x2014; Swaps &#x2014; Securitization and the financial crisis of 2007-8 &#x2014; XVAs &#x2014; Mechanics of options markets &#x2014; Properties of stock options &#x2014; Trading strategies involving options &#x2014; Binomial trees &#x2014; Wiener processes and It&#xF4;'s lemma &#x2014; The Black&#x2013;Scholes&#x2013;Merton model &#x2014; Employee stock options &#x2014; Options on stock indices and currencies &#x2014; Futures options and Black's model &#x2014; The Greek letters &#x2014; Volatility smiles and volatility surfaces &#x2014; Basic numerical procedures &#x2014; Value at risk and expected shortfall &#x2014; Estimating volatilities and correlations &#x2014; Credit risk &#x2014; Credit derivatives &#x2014; Exotic options &#x2014; More on models and numerical procedures &#x2014; Martingales and measures &#x2014; Interest rate derivatives: The standard market models &#x2014; Convexity, timing, and quanto adjustments &#x2014; Equilibrium models of the short rate &#x2014; No-arbitrage models of the short rate &#x2014; Modeling forward rates &#x2014; Swaps revisited &#x2014; Energy and commodity derivatives &#x2014; Real options &#x2014; Derivatives mishaps and what we can learn from them.</subfield>
  </datafield>
  <datafield tag="520" ind1=" " ind2=" ">
    <subfield code="a">Build essential foundations around the derivatives market for your future career in finance with the definitive guide on the subject.
Options, Futures, and Other Derivatives, Global Edition, 11th edition by John Hull, is the industry-leading, gold standard text for business and economics professionals.

Ideal for students studying Business, Economics, and Financial Engineering and Mathematics, this edition gives you a modern look at the derivatives market by incorporating the industry's hottest topics, such as securitisation and credit crisis, bridging the gap between theory and practice.

Written with the knowledge of how Maths can be a key challenge for this course, the text adopts a simple language that makes learning approachable, providing a clear explanation of ideas throughout the text.

The latest edition covers the most recent regulations and trends, including the Black-Scholes-Merton formulas, overnight indexed swaps, and the valuation of commodity derivatives.

Key features include:

Tables, charts, examples, and market data discussions, reflecting current market conditions.
A delicate balance between theory and practice with the use of mathematics, adding numerical examples for added clarity.
Useful practice-focused resources to help students overcome learning obstacles.
End-of-chapter problems reflecting contemporary key ideas to support your understanding of the topics based on the new reference rates.
Whether you need an introductory guide to derivatives to support your existing knowledge in algebra and probability distributions, or useful study content to advance your understanding of stochastic processes, this must-have textbook will support your learning and understanding from theory to practice.</subfield>
  </datafield>
  <datafield tag="650" ind1=" " ind2="0">
    <subfield code="a">Futures.</subfield>
    <subfield code="9">3253</subfield>
  </datafield>
  <datafield tag="650" ind1=" " ind2="0">
    <subfield code="a">Stock options</subfield>
    <subfield code="9">4073</subfield>
  </datafield>
  <datafield tag="650" ind1=" " ind2="0">
    <subfield code="a">Derivative securities</subfield>
    <subfield code="9">4072</subfield>
  </datafield>
  <datafield tag="856" ind1=" " ind2=" ">
    <subfield code="u">https://bibliotheque.tbs-education.fr/Default/doc/SYRACUSE/3386418/options-futures-and-other-derivatives</subfield>
  </datafield>
  <datafield tag="942" ind1=" " ind2=" ">
    <subfield code="2">lcc</subfield>
  </datafield>
  <datafield tag="952" ind1=" " ind2=" ">
    <subfield code="0">0</subfield>
    <subfield code="1">0</subfield>
    <subfield code="2">lcc</subfield>
    <subfield code="4">0</subfield>
    <subfield code="7">0</subfield>
    <subfield code="a">TBS</subfield>
    <subfield code="b">TBS</subfield>
    <subfield code="d">2025-09-08</subfield>
    <subfield code="l">0</subfield>
    <subfield code="r">2025-09-08</subfield>
    <subfield code="t">1</subfield>
    <subfield code="u">https://bibliotheque.tbs-education.fr/Default/doc/SYRACUSE/3386418/options-futures-and-other-derivatives</subfield>
    <subfield code="w">2025-09-08</subfield>
    <subfield code="y">EBOOK</subfield>
    <subfield code="z">ebook</subfield>
  </datafield>
  <datafield tag="999" ind1=" " ind2=" ">
    <subfield code="c">4920</subfield>
    <subfield code="d">4920</subfield>
  </datafield>
</record>
